LEADER 02731nam a2200433 u 4500 001 000000115104 003 CaOOAMICUS 005 20090331163922.0 008 090331s1989 it af u000 u ita r 020 $a88-7016-100-5 040 $aPUL$bita$dLDB 041 1 $aita$hlat 100 1 $aLuther, Martin,$d1483-1546.$0(OLS)http://pul/name/1508 245 10$aReplica ad Ambrogio Catarino sull'Anticristo (Ad librum eximii magistri nostri, magistri Ambrosii Catharini, defensoris Silvestri Prieratis acerrimi Responsio M. Lutheri), 1521 ; Antitesi illustrata della vita di Cristo e dell'Anticristo (Antithesis figurata vitae Christi et Antichristi), 1521 /$cMartin Lutero ; a cura di Laura Ronchi De Michelis. 246 31$aAntithesis figurata vitae Christi et Antichristi 246 30$aAntitesi illustrata dalla vita di Cristo e dell'Anticristo 246 31$aAd librum eximii magistri nostri, magistri Ambrosii Catharini, defensoris Silvestri Prieratis acerrimi Responsio M. Lutheri 260 $aTorino :$bClaudiana,$cc1989. 300 $aiii, 204 p., [8] p. di tav. :$bill. ;$c21 cm. 490 1 $aOpere scelte ;$v3 500 $aInclude indici. 504 $aBibliografia in nota. 700 1 $aRonchi De Michelis, Laura.$0(OLS)http://pul/name/35441 800 1 $aLuther, Martin,$d1483-1546.$tOpere ;$v3.$0(OLS)http://pul/nameTitle/573$0(OLS)http://pul/name/1508$0(OLS)http://pul/title/5258 850 $aPUL 852 $aPUL$W1$xSL Religione 3$y85$m284. 1 LUTMA 1.3$j131799$qDDC 21$B130786$CPULBib$Z2$F130786 $H109451 $82 900 $aLuter, Martin,$d1483-1546$91508 900 $aMartin Lutero,$d1483-1546$91508 900 $aLutero, Martino,$d1483-1546$91508 900 $aLuter, Martin,$d1483-1546$91508 900 $aMartin Lutero,$d1483-1546$91508 900 $aLutero, Martino,$d1483-1546$91508 941 1 $a9 996 $6020$a88-7016-100-5$9(OLS)http://pul/number/140133 996 $6245$aReplica ad Ambrogio Catarino sull'Anticristo (Ad librum eximii magistri nostri, magistri Ambrosii Catharini, defensoris Silvestri Prieratis acerrimi Responsio M. Lutheri), 1521 ; Antitesi illustrata della vita di Cristo e dell'Anticristo (Antithesis figurata vitae Christi et Antichristi), 1521$9(OLS)http://pul/title/144651 996 $6246$aAntithesis figurata vitae Christi et Antichristi$9(OLS)http://pul/title/144654 996 $6246$aAntitesi illustrata dalla vita di Cristo e dell'Anticristo$9(OLS)http://pul/title/144652 996 $6246$aAd librum eximii magistri nostri, magistri Ambrosii Catharini, defensoris Silvestri Prieratis acerrimi Responsio M. Lutheri$9(OLS)http://pul/title/144653 996 $6260$aTorino :$bClaudiana$9(OLS)http://pul/publisher/48072 LEADER 01355nam a2200325 a 4500 001 000000168844 003 CaOOAMICUS 005 20180718100215.0 008 180718s2015 it u000 u ita r 020 $z978-88-6342-801-8* 032 $aLibriCat 040 $aPUL$bita 082 04$a321.8 245 03$aLe nuove "sfide" della democrazia diretta /$ca cura di Alfonso Celotto e Giovanna Pistorio. 260 $aNapoli :$bEditoriale Scientifica,$c2015. 300 $aIX, 172 p. ;$c21 cm. 490 1 $aBiblioteca universitaria ;$v49 504 $aBibliografia in nota 650 4$aDemocrazia.$0(OLS)http://pul/subject/11947 700 1 $aPistorio, Giovanna.$0(OLS)http://pul/name/108838 700 1 $aCelotto, Alfonso.$0(OLS)http://pul/name/65936 830 0$aBiblioteca universitaria ;$v49.$0(OLS)http://pul/title/144887 850 $aPUL 852 $aPUL$W1$xSL Diritto e Scienze Sociali 3$y79$m321. 8 CELAL 1$j192249$qDDC 21$B196787$CPULBib$Z2$F196787 $H131202 $81 941 1 $a9 996 $6020$z978-88-6342-801-8*$9(OLS)http://pul/number/164579 996 $6082$a321.8$9(OLS)http://pul/classification/710 996 $6245$aLe nuove "sfide" della democrazia diretta$9(OLS)http://pul/title/209375 996 $6260$aNapoli :$bEditoriale Scientifica$9(OLS)http://pul/publisher/64720 LEADER 00957naa a2200217 u 4500 001 000000103557 003 CaOOAMICUS 005 20070226130216.0 008 061120s1959 onc u000 u fre u 035 $a11107322 040 $aIAR$bita 100 1 $aAlverny, Marie-Thérèse d',$d1903-1991.$0(OLS)http://pul/name/14156 245 10$aAnniyya-Anitas /$cMarie-Thérèse d'Alverny. 260 $aToronto :$bPontifical institute of medieval studies ;$aParis :$bLibrairie philosophique J. Vrin,$c1959. 300 $ap. 59-91 ;$c25 cm 500 $aIAR: CCI.470 773 0 $aMélanges offerts à Étienne Gilson. 773 0 $tMélanges offerts à Etienne Gilson de l'Académie Française$gHors Série$w()15457 996 $6245$aAnniyya-Anitas$9(OLS)http://pul/title/130462 996 $6260$aToronto :$bPontifical institute of medieval studies$9(OLS)http://pul/publisher/54715 996 $6260$aParis :$bLibrairie philosophique J. Vrin$9(OLS)http://pul/publisher/47887